Central Library OPAC University of Rajshahi

Explanation in the behavioural sciences / (Record no. 29002)

MARC details
000 -LEADER
fixed length control field 01038cam a2200301 4500
001 - CONTROL NUMBER
control field 29002
003 - CONTROL NUMBER IDENTIFIER
rucl marc code BD-RjUL
005 - DATE AND TIME OF LATEST TRANSACTION
control field 20211209051347.0
008 - FIXED-LENGTH DATA ELEMENTS--GENERAL INFORMATION
fixed length control field 140401s1970 enk b 001 0 eng
020 ## - INTERNATIONAL STANDARD BOOK NUMBER
International Standard Book Number 0521078202
035 ## - SYSTEM CONTROL NUMBER
System control number (BD-RjUL)29087
040 ## - CATALOGING SOURCE
Original cataloging agency DLC
Transcribing agency DLC
Modifying agency DLC
-- BD-RjUL
Language of cataloging eng
041 ## - LANGUAGE CODE
Language code of text/sound track or separate title eng
082 00 - DEWEY DECIMAL CLASSIFICATION NUMBER
Classification number 150
Author mark and year EXP 1970
100 1# - MAIN ENTRY--PERSONAL NAME
Personal name Borger, Robert,
Dates associated with a name 1927-
9 (RLIN) 88599
245 10 - TITLE STATEMENT
Title Explanation in the behavioural sciences /
Statement of responsibility, etc. edited by Robert Borger and Frank Cioffi.
260 ## - PUBLICATION, DISTRIBUTION, ETC. (IMPRINT)
Place of publication, distribution, etc. Cambridge :
Name of publisher, distributor, etc. University Press,
Date of publication, distribution, etc. 1970.
300 ## - PHYSICAL DESCRIPTION
Pagination xii, 520 p. ;
Size 24 cm.
350 ## - PRICE (NR) (BK AM CF MU VM SE) [OBSOLETE]
Price 5/-/-
-- ($15.00 U.S.)
504 ## - BIBLIOGRAPHY, ETC. NOTE
Bibliography, etc Includes bibliographies and index.
650 #0 - SUBJECT ADDED ENTRY--TOPICAL TERM
Topical term or geographic name as entry element Psychology
General subdivision Methodology.
9 (RLIN) 88600
700 1# - ADDED ENTRY--PERSONAL NAME
Personal name Cioffi, Frank,
Relator term joint author.
856 42 - ELECTRONIC LOCATION AND ACCESS
Materials specified Publisher description
Uniform Resource Identifier <a href="http://www.loc.gov/catdir/enhancements/fy0909/71105497-d.html">http://www.loc.gov/catdir/enhancements/fy0909/71105497-d.html</a>
Materials specified Table of contents only
Uniform Resource Identifier <a href="http://www.loc.gov/catdir/enhancements/fy0909/71105497-t.html">http://www.loc.gov/catdir/enhancements/fy0909/71105497-t.html</a>
942 ## - ADDED ENTRY ELEMENTS (KOHA)
Source of classification or shelving scheme Dewey Decimal Classification
Koha item type Books
Holdings
Lost status Source of classification or shelving scheme Damaged status Not for loan Collection code Permanent Location Current Location Shelving location Date acquired Source of acquisition Cost, normal purchase price Total Checkouts Full call number Date last seen Copy number Koha item type
  Dewey Decimal Classification     Non-fiction Central Library, University of Rajshahi Central Library, University of Rajshahi   10/05/1977 Heffers and sons 10.50   150 EXP 1970 01/04/2014 C-2 Books
  Dewey Decimal Classification     Non-fiction Central Library, University of Rajshahi Central Library, University of Rajshahi   10/05/1977 Heffers and sons 10.50   150 EXP 1970 01/04/2014 C-3 Books
  Dewey Decimal Classification   Not For Loan Non-fiction Central Library, University of Rajshahi Central Library, University of Rajshahi Reading Room 10/05/1977 W. Heffer and sons 10.50   150 EXP 1970 03/04/2017 C-1 Books